Etiqueta de registo: 00573cas 02200217 04500
001 60253
003 http://id.bnportugal.gov.pt/bib/catbnp/60253
100 ## $a19961211b19571962km y0pora01030103ba
101 0# $apor
102 ## $aPT
106 ## $ar
200 1# $aNotícias do bloqueio$efascículos de poesia$fdir. lit. Egito Gonçalves... [et al.]
207 #0 $aNº 1 (1957) - nº 9 (Mar. 1962)
210 #9 $aPorto$c[s.n.]$d[D.L. 1957]-1962
215 ## $d16 cm
317 ## $aBiblioteca Jorge de Sena$5PTBN: J.S. 12273
456 #1 $10012284587$tNotícias do bloqueio fascículos de poesia$eEd. fac-similada$cPorto$bAssociação dos Jornalistas e Homens de Letras do Porto,$d2025$h$i
606 ## $aLiteratura$2SIPOR$344274
675 ## $a869.0-1(082)$vmed$zpor$3288278
702 #1 $aGonçalves$bEgito$f1920-2001$4340$324532
801 #0 $aPT$bBN$gRPC
966 ## $lBN$mFGREV$sJ.S. 12273$x3
966 ## $lBN$mFGREV$sP.P. 5830 P.$x1
998 ## $aCR037 - 00272